000 00587nam a2200181Ia 4500
008 090124s9999 xx 000 0 und d
082 _b101005
100 _aफाटक गणेश कृष्णशास्त्री
245 _a माझी जमीन
250 _a1
260 _c1930
300 _a88
600 _aफाटक गणेश कृष्णशास्त्री
630 _a माझी जमीन
700 _aफाटक गणेश कृष्णशास्त्री
730 _a माझी जमीन
942 _cBOOK
999 _c147097
_d147097